Concert tourism

Bibliográfiai részletek
Szerző: Cziráki Delila
További közreműködők: Formádi Dr. Katalin
Dokumentumtípus: Diplomadolgozat
Kulcsszavak:Music-induced tourism
Concert tourism
Motivation
Online Access:http://dolgozattar.uni-bge.hu/21054

MARC

LEADER 00000nta a2200000 i 4500
001 dolg21054
005 20190903101506.0
008 190514suuuu hu om 000 eng d
040 |a BGE Dolgozattár Repozitórium  |b hun 
041 |a en 
100 1 |a Cziráki Delila 
245 1 0 |a Concert tourism  |c Cziráki Delila  |h [elektronikus dokumentum] 
246 1 1 |a Concert tourism 
695 |a Music-induced tourism 
695 |a Concert tourism 
695 |a Motivation 
700 1 |a Formádi Dr. Katalin  |e ths 
856 4 0 |u http://dolgozattar.uni-bge.hu/21054/1/Czir%C3%A1kiDelila_F8JGQR_TMvend.pdf  |z Dokumentum-elérés